Extrait abrégé des vieux mémoriaux de l'Abbaye de Saint-Aubin-des-Bois en Bretagne / (Record no. 53520)

MARC details
000 -LEADER
campo de control de longitud fija 00700nam a22002175i 4500
001 - NÚMERO DE CONTROL
campo de control 53520
003 - IDENTIFICADOR DE NÚMERO DE CONTROL
campo de control ES-MaACL
005 - FECHA Y HORA DE LA ÚLTIMA TRANSACCIÓN
campo de control 20230906162800.0
007 - CAMPO FIJO DE DESCRIPCIÓN FÍSICA--INFORMACIÓN GENERAL
campo de control de longitud fija t|
008 - DATOS DE LONGITUD FIJA--INFORMACIÓN GENERAL
campo de control de longitud fija 950929s1853 sp ||||1| spa d
040 ## - FUENTE DE CATALOGACIÓN
Centro catalogador/agencia de origen CAM
Lengua de catalogación spa
Centro/agencia transcriptor CAM
245 00 - MENCIÓN DEL TÍTULO
Título Extrait abrégé des vieux mémoriaux de l'Abbaye de Saint-Aubin-des-Bois en Bretagne /
Mención de responsabilidad, etc. [préface Francisque -Michel].
260 ## - PUBLICACIÓN, DISTRIBUCIÓN, ETC.
Lugar de publicación, distribución, etc. Paris :
Nombre del editor, distribuidor, etc. P. Jannet,
Fecha de publicación, distribución, etc. 1853.
300 ## - DESCRIPCIÓN FÍSICA
Extensión 63 p. ;
Dimensiones 17 cm.
490 1# - MENCIÓN DE SERIE
Mención de serie Bibliothèque elzévirienne
610 24 - PUNTO DE ACCESO ADICIONAL DE MATERIA--NOMBRE DE ENTIDAD CORPORATIVA
Nombre de entidad corporativa o nombre de jurisdicción como elemento de entrada Pledeliac, France. Saint Aubin-du-Bois.
9 (RLIN) 154036
700 0# - ENTRADA AGREGADA--NOMBRE PERSONAL
Nombre de persona Michel, Francisque.
9 (RLIN) 80892
830 0# - PUNTO DE ACCESO ADICIONAL DE SERIE-TÍTULO UNIFORME
Título uniforme Bibliothèque elzévirienne
9 (RLIN) 180979
852 ## - LOCALIZACIÓN
Ubicación ES-MaACL
Número de control de estantería G-2371
Holdings
Estatus retirado Estado de pérdida Estado de daño No para préstamo Colección Biblioteca de origen Biblioteca actual Ubicación en estantería Fecha de adquisición Fuente de adquisición Total de préstamos Signatura topográfica completa Código de barras Visto por última vez Precio de reemplazo Tipo de ítem Koha
        Libros del s. XIX Biblioteca del Ateneo de Madrid Biblioteca del Ateneo de Madrid Depósito 2 17/01/2008     G-2371 1056240 23/02/2023 23/02/2023 Libro impreso antiguo